| 000 | 00407nam a2200133Ia 4500 | ||
|---|---|---|---|
| 008 | 191014s9999 xx 000 0 und d | ||
| 020 | _a0-540-97271-4 | ||
| 082 |
_a516 _bDUB |
||
| 100 |
_aB.Adubrovin,A.t.Fomenko,S.P.Novikov _920342 |
||
| 245 | 0 | _aModern Geometry Methods and Applications Part 3.Introduction to Homology Theory | |
| 260 |
_aNew York _bSpringer _c1984 |
||
| 300 | _aIx,416 | ||
| 942 | _cBK | ||
| 999 |
_c530915 _d530915 |
||